| 000 | 00814nam a2200253 i 4500 | ||
|---|---|---|---|
| 001 | 183554 | ||
| 003 | ES-MaACL | ||
| 005 | 20231213210245.0 | ||
| 008 | 140718s2013 sp | |||||||| | spa d | ||
| 020 | _a978-84-941115-8-7 | ||
| 080 | _a821.134.2-14"19" | ||
| 100 | 1 |
_aEdgerton, Mills F. ( _d1931-) _9155012 |
|
| 245 | 1 | 0 |
_aNadar entre tiburones / _cMills Fox Edgerton. |
| 260 |
_aMadrid : _bCuadernos del Laberinto, _c2013. |
||
| 300 |
_a155 p. ; _c22 cm. |
||
| 490 | 1 |
_aAnaquel de poesía ; _v28 |
|
| 500 | _aPrólogo de Miguel Losada. | ||
| 700 | 1 |
_aLosada, Miguel _974261 |
|
| 830 | 0 |
_aAnaquel de poesía ; _v28 _9186826 |
|
| 852 |
_aES-MaACL _jA-13166 _9190496 _bR. 150050 _cDEPO1 _dOlim: N-6166 |
||
| 942 |
_2udc _cMONOGRAFIA |
||
| 999 |
_c183554 _d183554 |
||